000 00662nam a2200205 i 4500
001 137013
003 ES-MaACL
005 20260215174253.0
007 t|
008 070214s1932 sp r ||||1| spa d
100 1 _aSalardenne, Roger.
_9101713
245 1 4 _aLas capitales del libertinaje /
_cRoger Salardenne ; traducción de Alberto de los Ríos.
260 _aBarcelona :
_bB. Bauzá,
_c1932.
300 _a231 p. :
_bil. ;
_c20 cm.
490 1 _aColección Ideal. Sección reportajes
700 0 _aRíos, Alberto de los
_997356
830 0 _aColección Ideal. Sección reportajes
_9220051
852 _aES-MaACL
_jA-920
999 _c137013
_d137013